000 00980nam a22002537a 4500
005 20170124103036.0
010 _aA-834829
020 _c75.00
035 _aA-834829
037 _bCen Lib/Ret
040 _aDPL
_bHN
082 _a
_bशुक्लक
100 _aशुक्ल, कमल
_965373
245 _aकलिंग की राजकन्या /
_cकमल शुक्ल
246 _aKaling ki rajkanya /
_bby Kamal Shukla
260 _aदिल्ली
_bहरियाणा प्रकाशन
_c1996
270 _a2619-20, न्यू मार्किट, नई सड़क
_bदिल्ली
_e110006
300 _a127पृ.
_c17सेमी(सजिल्द )
650 _aहिंदी साहित्य
_x
_z
_965374
650 _aहिंदी उपन्यास
_965375
650 _aHindi literature
_v
_965376
650 _aHindi fiction
_927248
942 _2ddc
_cHN
_h
_mशुक्लक
999 _c116215
_d116215